| 000 | 00995nam a2200229Ia 4500 | ||
|---|---|---|---|
| 001 | 16696 | ||
| 003 | GE_BSU | ||
| 008 | 181216s||||||||xx |||||||||||||| ||und|| | ||
| 040 | _cGE_BSU | ||
| 080 | _a821.161.1-32 + 329.150.1(092ლენინი):821 | ||
| 100 | _aკაზაკევიჩი, ე. | ||
| 245 | _aლურჯი რვეული. | ||
| 245 | _bმოთხრობა. ვ.ი. ლენინზე ავტ. ბიოგრ. ცნობებით ; თარგმ. თ. აბაშიძისა და ნ. ურუშაძის | ||
| 260 | _aთბილისი | ||
| 260 | _bნაკადული | ||
| 260 | _c1982 | ||
| 300 | _a134გვ. ; 17სმ. | ||
| 653 | _aვ.ი. ლენინზე ავტ. ბიოგრ. ცნობებით ; თარგმ. თ. აბაშიძისა და ნ. ურუშაძის | ||
| 653 | _aლურჯი რვეული | ||
| 653 | _aმოთხრობა | ||
| 942 | _cBK | ||
| 999 |
_c49761 _d49761 |
||